| 000 | 00000nam##2200000za#4500 |
| 001 | 9.531563 |
| 003 | CaOODSP |
| 005 | 20220328113238 |
| 007 | ta |
| 008 | 150406|1999||||xxc||||| f|0| 0 fre|d |
| 020 | |a0-662-64100-0 |
| 040 | |aCaOODSP|bfre |
| 041 | |aeng |
| 041 | |afre |
| 043 | |an-cn--- |
| 086 | 1 |aC21-28/1-1999 |
| 110 | 1 |aCanada. |bIndustrie Canada. |
| 245 | 13|aLa fabrication dans les pays de petite taille peut-elle survivre à la libéralisation du commerce? : |bl'expérience de l'Accord de libre-échange Canada--États-Unis / |cpar Keith Head et John Ries. |
| 260 | |aOttawa - Ontario : |bIndustrie Canada |c1999. |
| 300 | |aTexte français, ii, 39p. : |bgraphiques, références, tableaux ; |c23 cm. |
| 490 | 1 |aPerspectives sur le libre-échange nord-américain|v1 |
| 500 | |a«Dans cette étude, nous examinons la mesure dans laquelle ces changements sont attribuables à la libéralisation des échanges dans le cadre de l'ALE. Nous nous intéressons à l'effet de l'ALE sur la part de l'activité manufacturière en Amérique du Nord détenue par le Canada et sur la composition de l'activité manufacturière parmi les différentes industries.»--Introduction. N.B.: Le numéro de catalogue (C21-28/2-1999) imprimé dans cette publication est incorrect. |
| 504 | |aBibliographie. |
| 563 | |aCouverture souple |
| 590 | |a00-34|b2000-08-25 |
| 691 | 07|aLibre-échange|2gcpds |
| 691 | 07|aIndustrie de transformation|2gcpds |
| 691 | 07|aAccord de libre-échange|2gcpds |
| 720 | 1 |aHead, Keith |
| 720 | 1 |aRies, John |
| 776 | 0#|tCan small-country manufacturing survive trade liberalization? : |w(CaOODSP)9.571832 |
| 776 | 0#|tLa fabrication dans les pays de petite taille peut-elle survivre à la libéralisation du commerce? : |w(CaOODSP)9.602253 |
| 791 | |tCan small-country manufacturing survive trade liberalization? : |eeng|w(CaOODSP)9.531562 |
| 830 | #0|aPerspectives sur le libre-échange nord-américain ;|v1|w(CaOODSP)9.509069 |